Andy Warhol 365 takes
Sparad:
| Institutionell upphovsman: | |
|---|---|
| Materialtyp: | Bok |
| Språk: | engelska |
| Publicerad: |
Nueva York
Abrams
2004
|
| Serie: | The Andy Warhol Museum Collection
|
| Ämnen: | |
| Taggar: |
Lägg till en tagg
Inga taggar, Lägg till första taggen!
|
MARC
| LEADER | 00000nam a2200000 a 4500 | ||
|---|---|---|---|
| 001 | UCI5795 | ||
| 003 | CL-VaPUC | ||
| 008 | 080411e20040000US |||||||||||||||||eng|d | ||
| 020 | |a 9780810943292 | ||
| 082 | 0 | 4 | |a 709.2 |b AND |2 21 |
| 110 | 2 | |a Andy Warhol Museum |e author |9 528428 | |
| 245 | 1 | 0 | |a Andy Warhol 365 takes |
| 300 | |a 743 p | ||
| 942 | |c BK | ||
| 945 | |d 20080411 00:00:00 |a rbrito | ||
| 260 | |a Nueva York |b Abrams |c 2004 | ||
| 600 | 0 | 7 | |a WARHOL, ANDY |2 CL-VaPUC |9 267707 |
| 650 | 0 | |a Artes gráficas |9 265865 | |
| 650 | 0 | |a Cinematografía |9 265198 | |
| 651 | 0 | |a Estados Unidos |9 255178 | |
| 583 | |a last modification |c 20080411 00:00:00 |k Rodrigo Vera | ||
| 490 | 0 | |a The Andy Warhol Museum Collection | |
| 999 | |c 329485 |d 329483 | ||
| 952 | |0 0 |1 0 |4 0 |6 709_200000000000000_AND_2004 |7 0 |8 F |9 414257 |a BIBART |b BIBART |d 2019-11-22 |i 4427858 |l 1 |o 709.2 AND 2004 |p 4427858 |r 2025-03-13 |s 2022-09-28 |w 2019-11-22 |y BK_F |k ART | ||